| 000 | 00552nam a2200181 a 4500 | ||
|---|---|---|---|
| 001 | 000012512 | ||
| 005 | 20240530073914.0 | ||
| 008 | 091113s1973 dr 000 0 spa d | ||
| 040 |
_aDO-SdBNP _bspa _cBNPHU |
||
| 082 |
_aRD863.44 _bM313m |
||
| 100 | 1 |
_aMarcalle Abreu, Roberto _9862 |
|
| 245 | 1 | 3 |
_aEl minúsculo infierno del señor Lukas / _cRoberto Marcalle Abreu. |
| 260 |
_aSanto Domingo : _bCultural Dominicana, _c1973. |
||
| 300 |
_a82 p. ; _c20 cm. |
||
| 650 | 0 |
_aNovela dominicana _9223 |
|
| 650 | 0 |
_aLiteratura dominicana. _967 |
|
| 049 | _aBNPD | ||
| 999 |
_c12167 _d12167 |
||